Statystyki dla Medaliści olimpijscy w skokach narciarskich z dużej skoczni

Kliknij tutaj aby rozwiązać quiz!

Ogólne statystyki

  • Ten quiz został rozwiązany 15 razy
  • Średni wynik to 24 z 72

Statystyki odpowiedzi

RokMiejscowośćKMedalNarodowośćZawodnik% Poprawnych
2014Sochi125ZłotyPolskaKamil Stoch
100%
2018Pyeongchang125ZłotyPolskaKamil Stoch
100%
SrebrnyJaponiaNoriaki Kasai
100%
BrązowySłoweniaPeter Prevc
93%
SrebrnyPolskaAdam Małysz
87%
SrebrnyPolskaAdam Małysz
87%
SrebrnyJaponiaRyoyu Kobayashi
87%
2002Salt Lake City120ZłotySzwajcariaSimon Ammann
87%
2010Vancouver125ZłotySzwajcariaSimon Ammann
87%
SrebrnyNiemcyAndreas Wellinger
80%
1998Nagano120ZłotyJaponiaKazuyoshi Funaki
73%
2022Pekin125ZłotyNorwegiaMarius Lindvik
73%
BrązowyNorwegiaRobert Johansson
73%
2006Turyn125ZłotyAustriaThomas Morgenstern
73%
1972Sapporo110ZłotyPolskaWojciech Fortuna
73%
BrązowyAustriaGregor Schlierenzauer
67%
1984Sarajewo112ZłotyFinlandiaMatti Nykanen
67%
1988Calgary114ZłotyFinlandiaMatti Nykanen
67%
BrązowyNiemcyKarl Geiger
60%
SrebrnyAustriaAndreas Kofler
53%
SrebrnyNorwegiaEspen Bredesen
53%
1994Lillehamer120ZłotyNiemcyJens Weissflog
53%
SrebrnyRFNJens Weissflog
53%
BrązowyJaponiaMasahiko Harada
53%
BrązowyAustriaAndreas Goldberger
47%
BrązowyFinlandiaMatti Hautamaki
47%
SrebrnyNorwegiaBirger Ruud
33%
1936Garmisch-Partenkirchen80ZłotyNorwegiaBirger Ruud
33%
1932Lake Placid61ZłotyNorwegiaBirger Ruud
33%
SrebrnyFinlandiaJani Soininen
33%
BrązowyNorwegiaLars Bystol
33%
SrebrnyNorwegiaSigmund Ruud
33%
1992Albertville120ZłotyFinlandiaToni Nieminen
33%
BrązowyAustriaHeinz Kuttin
27%
SrebrnyAustriaMartin Hollwarth
27%
SrebrnyAustriaToni Innauer
27%
SrebrnySzwajcariaWalter Steiner
27%
SrebrnyCzechosłowacjaJiri Raska
20%
BrązowyCzechosłowacjaPavel Ploc
20%
BrązowyFinlandiaJari Puikkonen
13%
1976Innsbruck104ZłotyAustriaKarl Schnabl
13%
BrązowyJugosławiaMatjaz Debelak
13%
1928Sankt Moritz66ZłotyNorwegiaAlf Andersen
7%
BrązowyUSAAnders Haugen
7%
1956Cortina d'Ampezzo80ZlotyFinlandiaAntti Hyvarinen
7%
1952Oslo72ZłotyNorwegiaArnfinn Bergmann
7%
SrebrnyNorwegiaErik Johnsen
7%
1960Squav Valley80ZłotyRFNHelmut Recknagel
7%
SrebrnyAustriaHubert Neuper
7%
1924Chamonix71ZłotyNorwegiaJacob Tullin Thams
7%
1980Lake Placid1114ZłotyFinlandiaJouko Tormanen
7%
SrebrnyNorwegiaNarve Bonna
7%
1948Sankt Moritz68ZłotyNorwegiaPetter Hugsted
7%
BrązowyRFNRainer Schmidt
7%
BrązowyNorwegiaReidar Andersen
7%
BrązowyCzechosłowacjaRudolf Burkert
7%
SrebrnySzwecjaSven Eriksson
7%
1964Innsbruck81ZłotyNorwegiaToralf Engan
7%
SrebrnyFinlandiaVeikko Kankkonen
7%
1968Grenoble90ZłotyZSRRWładimir Biełousow
7%
SrebrnyFinlandiaAulis Kallakorpi
0%
SrebrnyNorwegiaHans Beck
0%
BrązowyRFNHarry Glass
0%
BrązowyRFNHenry Glass
0%
BrązowyNorwegiaKare Walberg
0%
BrązowySzwecjaKarl Homstrom
0%
BrązowyNorwegiaLars Grini
0%
SrebrnyFinlandiaNiilo Halonen
0%
BrązowyAustriaOtto Leodolter
0%
BrązowyNorwegiaThorleif Schjelderup
0%
SrebrnyNorwegiaTorbjorn Falkanger
0%
BrązowyNorwegiaTorgeir Brandtzaeg
0%

Rozkład punktacji

Percentyl według liczby udzielonych odpowiedzi

Procent ludzi z każdym wynikiem

Twoja historia wyników

Nie rozwiązałeś tego quizu